000 00634nam a2200229Ia 4500
003 OSt
005 20220923230225.0
006 a|||||r|||| 00| 0
007 ta
008 Pun
024 _a278,499
037 _cTextual
040 _aARTS
_cARTS
_bPun
041 _2Pun
_aPun
082 _aQ8441, 153J2
100 _aਕੋਹਲੀ, ਸੀਤਾ ਰਾਮ, ਥਦ.
245 0 _aਖ਼ਤਿਹ ਨਾਮਾ ਗੁਰੂ ॥ਾਲਸਾ ਜੀ ਕਾ
260 _c1952
650 _aਧਰਮ
942 _hQ8441, 153J2
_cTEXL
_2CC
999 _c383364
_d383364